UM Logo

Philippine coastal marine habitats at risk : (Record no. 20307)

MARC details
000 -LEADER
fixed length control field 00713nam a22001577a 4500
008 - FIXED-LENGTH DATA ELEMENTS--GENERAL INFORMATION
fixed length control field 240516b ||||| |||| 00| 0 eng d
020 ## - INTERNATIONAL STANDARD BOOK NUMBER
International Standard Book Number 9717420068
082 ## - DEWEY DECIMAL CLASSIFICATION NUMBER
Classification number DFil 551.457
Item number P53 1997
245 ## - TITLE STATEMENT
Title Philippine coastal marine habitats at risk :
Remainder of title a case study of guimaras island /
Statement of responsibility, etc. edited by Ricardo P. Babaran and Jose A. Ingles.
260 ## - PUBLICATION, DISTRIBUTION, ETC. (IMPRINT)
Place of publication, distribution, etc. Quezon City :
Name of publisher, distributor, etc. Institute of marine fisheries and oceanology, university of the Philippines in the Visayas; UP center for integrative and development studies,
Date of publication, distribution, etc. ©1997.
300 ## - PHYSICAL DESCRIPTION
Extent xix, 249 pages :
Other physical details illustrations ;
Dimensions 26 cm.
500 ## - GENERAL NOTE
General note Includes references.
650 ## - SUBJECT ADDED ENTRY--TOPICAL TERM
Topical term or geographic name as entry element Marine ecology.
9 (RLIN) 57188
700 ## - ADDED ENTRY--PERSONAL NAME
Personal name Ingles, Jose A.
Relator term editor.
9 (RLIN) 57144
942 ## - ADDED ENTRY ELEMENTS (KOHA)
Source of classification or shelving scheme Dewey Decimal Classification
Koha item type Filipiniana
Holdings
Withdrawn status Lost status Source of classification or shelving scheme Damaged status Not for loan Collection code Home library Current library Date acquired Source of acquisition Total Checkouts Full call number Barcode Date last seen Price effective from Koha item type
    Dewey Decimal Classification     Filipiniana UM Digos College - LIC UM Digos College - LIC 11/30/2004 Purchased   DFil 551.457 P53 1997 18028 05/15/2025 05/16/2024 Filipiniana